Music Quiz

Random Music or Clip Quiz

VH1 Greatest Songs of the '80s (Audio) Quiz Stats

 Plays Quiz Updated Aug 11, 2016

Challenge
Share
Tweet
Score 0/100 Timer 20:00
1 Play Today
(Rank) Time Song % Correct
(4) 0:18Billie Jean
95.8%
(8) 0:42Like A Virgin
93.6%
(1) 0:00Livin' On A Prayer
93.2%
(21) 2:00Beat It
92.3%
(23) 2:12Girls Just Want to Have Fun
91.8%
(15) 1:24Jump
87.5%
(7) 0:36Sweet Child O' Mine
87.4%
(11) 1:00Don't Stop Believin'
87.3%
(3) 0:12Hungry Like The Wolf
86.4%
(24) 2:18Take On Me
86%
(48) 4:42Born In The U.S.A.
85.7%
(9) 0:48Walk This Way
85.1%
(31) 3:00Under Pressure
82.2%
(33) 3:12Tainted Love
81.8%
(28) 2:42Wake Me Up Before You Go Go
81.5%
(19) 1:48Time After Time
81.2%
(18) 1:42Come On Eileen
78.9%
(46) 4:30Every Breath You Take
78.2%
(14) 1:18Walk Like An Egyptian
77.9%
(70) 6:54I Love Rock & Roll
76.5%
(40) 3:54Love Shack
75.2%
(26) 2:30Welcome To The Jungle
74.4%
(62) 6:06Take My Breath Away
73.7%
(17) 1:36Here I Go Again
72%
(56) 5:30Total Eclipse Of The Heart
72%
(91) 9:00Walking On Sunshine
71.6%
(53) 5:12White Wedding
71.5%
(35) 3:24In The Air Tonight
71.1%
(5) 0:24When Doves Cry
70.7%
(20) 1:54Jessie's Girl
70.2%
(73) 7:1299 Luftballons
70%
(2) 0:06Pour Some Sugar on Me
69.4%
(74) 7:18Faith
68.4%
(13) 1:12With Or Without You
67.7%
(Rank) Time Song % Correct
(71) 7:00Superfreak
67.1%
(79) 7:48Don't You Want Me
66.3%
(54) 5:18Push It
66.3%
(63) 6:12Whip It
65.9%
(78) 7:42Call Me
64.1%
(10) 0:54You Shook Me All Night Long
63.6%
(57) 5:36Mickey
63.4%
(30) 2:54Love Is A Battlefield
62%
(59) 5:48Jack & Diane
61.3%
(94) 9:18Start Me Up
61.1%
(96) 9:30Down Under
60.7%
(83) 8:12Kiss
60.4%
(50) 4:54Sweet Dreams (Are Made of This)
59.8%
(49) 4:48(You Gotta) Fight For Your Right (To Party)
58.4%
(47) 4:36We're Not Gonna Take It
57.5%
(29) 2:48Burning Down The House
56.1%
(42) 4:06London Calling
55.5%
(97) 9:36What I Like About You
55.3%
(84) 8:18All Night Long (All Night)
55%
(93) 9:12Cars
54.6%
(55) 5:24I Ran (So Far Away)
53.5%
(38) 3:42Pride (In The Name Of Love)
52.1%
(86) 8:30I Want Candy
51.7%
(69) 6:48It's The End Of The World As We Know It (And I Feel Fine)
50.7%
(67) 6:36Keep On Loving You
49%
(64) 6:18Straight Up
48.9%
(65) 6:24I Want To Know What Love Is
48.5%
(81) 8:00Word Up
47.4%
(12) 1:06How Will I Know
47.3%
(36) 3:30867-5309/Jenny
47.2%
(85) 8:24Addicted To Love
46.9%
(44) 4:18Cruel Summer
45.8%
(60) 5:54Bust A Move
44%
(37) 3:36Janie's Got A Gun
43.9%
(Rank) Time Song % Correct
(75) 7:24Little Red Corvette
43.8%
(100) 9:54Working For The Weekend
43.2%
(52) 5:06You Spin Me Round (Like a Record)
42.4%
(32) 3:06Sister Christian
41.3%
(87) 8:36Rock Me Amadeus
41.3%
(66) 6:30Just Can't Get Enough
41.1%
(76) 7:30She Blinded Me With Science
40.5%
(6) 0:30I Can't Go For That (No Can Do)
40.2%
(34) 3:18Every Rose Has Its Thorn
39.6%
(25) 2:24Our Lips Are Sealed
38.6%
(16) 1:30Need You Tonight
37%
(61) 6:00Mr. Roboto
36%
(51) 5:00Round And Round
35.9%
(45) 4:24Nasty
34.4%
(58) 5:42Do You Really Want To Hurt Me
34.4%
(98) 9:42My Prerogative
34%
(39) 3:48I Melt With You
33.5%
(27) 2:36Too Shy
32.4%
(90) 8:54Wild Thing
31.9%
(89) 8:48Brass In Pocket
30.2%
(41) 4:00Dr. Feelgood
27.6%
(82) 8:06Tempted
26.9%
(22) 2:06Just Like Heaven
24.5%
(72) 7:06One Thing Leads To Another
24.5%
(80) 7:54It Takes Two
24.1%
(88) 8:42Ain't Nobody
23.3%
(43) 4:12The Look of Love
23.2%
(77) 7:36Candy Girl
22.6%
(95) 9:24Only In My Dreams
20.8%
(99) 9:48Everybody Have Fun Tonight
17.9%
(68) 6:42Fight The Power
17.1%
(92) 9:06You Got It (The Right Stuff)
16.8%

You're not logged in!

Compare scores with friends on all Sporcle quizzes.
Join for Free
OR
Log In

You Might Also Like...

Show Comments

Extras

Top Quizzes Today


Score Distribution

Your Account Isn't Verified!

In order to create a playlist on Sporcle, you need to verify the email address you used during registration. Go to your Sporcle Settings to finish the process.

Report this User

Report this user for behavior that violates our Community Guidelines.

Details: